书目信息 |
| 题名: |
建筑结构被动控制的理论与应用
|
|
| 作者: | 吴波 李惠 著 | |
| 分册: | ||
| 出版信息: | 哈尔滨 哈尔滨工业大学出版社 1997.02 |
|
| 页数: | 261页 | |
| 开本: | 32开 | |
| 丛书名: | ||
| 单 册: | ||
| 中图分类: | ||
| 科图分类: | ||
| 主题词: | 建筑结构 | |
| 电子资源: | ||
| ISBN: | 7-5603-1214-4 | |
| 000 | 00612nam0 2200205 45 | |
| 001 | 9912111621 | |
| 005 | 20100907051644.2 | |
| 010 | @a7-5603-1214-4@d12.00元 | |
| 100 | @a19991211d1997 km y0chiy0120 ea | |
| 101 | @achi | |
| 105 | @a z 000yy | |
| 200 | 1 | @a建筑结构被动控制的理论与应用@AJian Zhu Jie Gou BeiDong Kong Zhi De Li Lun Yu Ying Yong@f吴波 李惠著@FWu Bo Li Hui Zhu |
| 210 | @a哈尔滨@c哈尔滨工业大学出版社@d1997.02 | |
| 215 | @a261页@d32开 | |
| 606 | 0 | @a建筑结构 |
| 690 | @v3 | |
| 690 | @aTU3@v3 | |
| 701 | @a吴波 李惠@4著 | |
| 801 | @aCN@bPFTUser@c19991211 | |
| 905 | @dTU3@eW.027@b131540-544@f5 | |
| 建筑结构被动控制的理论与应用/吴波 李惠著.-哈尔滨:哈尔滨工业大学出版社,1997.02 |
| 261页;32开 |
| ISBN 7-5603-1214-4:12.00元 |
| ● |
| 相关链接 |
|
|
|
正题名:建筑结构被动控制的理论与应用
索取号:TU3/W.027
 
预约/预借
| 序号 | 登录号 | 条形码 | 馆藏地/架位号 | 状态 | 备注 |
| 1 | 131540 | 201315406 | 自科二线404/404自科库 28排2列5层/ [索取号:TU3/W.027] | 在馆 | |
| 2 | 131541 | 201315415 | 建筑库101/101建筑库 74排4列3层/ [索取号:TU3/W.027] | 在馆 | |
| 3 | 131542 | 201315424 | 自科二线404/404自科库 28排2列5层/ [索取号:TU3/W.027] | 在馆 | |
| 4 | 131543 | 201315433 | 自科二线404/404自科库 28排2列5层/ [索取号:TU3/W.027] | 在馆 | |
| 5 | 131544 | 201315442 | 自科二线404/404自科库 28排2列5层/ [索取号:TU3/W.027] | 在馆 |